Normal view
MARC view
- Ali Malik, Mehar
Entry Personal Name
001 - CONTROL NUMBER
- control field: 123733
003 - CONTROL NUMBER IDENTIFIER
- control field: NUST
005 - DATE AND TIME OF LATEST TRANSACTION
- control field: 20240614162719.0
008 - FIXED-LENGTH DATA ELEMENTS
- fixed length control field: 240614|| aca||aabn | a|a d
040 ## - CATALOGING SOURCE
- Original cataloging agency: NUST
- Transcribing agency: NUST
100 ## - HEADING--PERSONAL NAME
- Personal name: Ali Malik, Mehar
670 ## - SOURCE DATA FOUND
- Source citation: Work cat.: (NUST): Ali Malik, Mehar, Mathematical aspects of some graph invariants/
